000
00291nam a22001217a 4500
005
20230719114359.0
008
230719b ||||| |||| 00| 0 eng d
040
_c
AL
041
_a
eng
100
_a
Gray John
_9
127706
245
_a
Men are from mass women are from venus
942
_2
ddc
_c
BK
999
_c
227985
_d
227985